| 000 | 00463 a2200157 4500 | ||
|---|---|---|---|
| 005 | 20250405102710.0 | ||
| 020 | _a0-205-08627-6 | ||
| 082 | _a519.54 BIL | ||
| 100 | _aBILLINGSLEY, P. | ||
| 245 | _aStatistical Inference for Management and Economics | ||
| 250 | _a3rd Ed. | ||
| 260 |
_aBoston, _bAllyn and Bacon, _c1986. |
||
| 300 |
_axx, 746p.: figure, graph, table _bIndex. _c24cm. |
||
| 700 | _aCROFT, D. J., HUNTSBERGER, D. V & WATSON, C. J. | ||
| 942 |
_2ddc _cBKS |
||
| 999 |
_c1174 _d1174 |
||